La democracia en América
Guardat en:
| Autor principal: | |
|---|---|
| Format: | Llibre |
| Idioma: | espanyol |
| Publicat: |
Madrid
SARPE
1984
|
| Edició: | 1a. ed |
| Col·lecció: | Los Grandes Pensadores, 50-51
|
| Matèries: | |
| Etiquetes: |
Afegir etiqueta
Sense etiquetes, Sigues el primer a etiquetar aquest registre!
|
MARC
| LEADER | 00000cam a2200000 a 4500 | ||
|---|---|---|---|
| 001 | UCE2293 | ||
| 003 | CL-VaPUC | ||
| 008 | 140619e19840000sp |||||||||||||||||spa|d | ||
| 020 | |a 8459902021v.1 | ||
| 020 | |a 845990203Xv.2 | ||
| 082 | 0 | 4 | |a 321.8 |b TOC |2 21 |
| 100 | 0 | |a Tocqueville, Alexis de |e author |9 315351 | |
| 245 | 1 | 3 | |a La democracia en América |
| 250 | |a 1a. ed | ||
| 300 | |a v | ||
| 942 | |c BK | ||
| 945 | |d 20140619 13:53:00 |a dcastane | ||
| 260 | |a Madrid |b SARPE |c 1984 | ||
| 650 | 7 | |a SISTEMAS POLITICOS |2 CL-VaPUC |9 574752 | |
| 650 | 0 | |a Democracia |9 255256 | |
| 650 | 0 | |a Democratización |9 316630 | |
| 583 | |a last modification |c 20140619 13:53:00 |k Rodrigo Vera | ||
| 490 | 0 | |a Los Grandes Pensadores, 50-51 | |
| 999 | |c 355931 |d 355929 | ||
| 952 | |0 0 |1 0 |3 erd |4 0 |6 321_800000000000000_TOC_1984 |7 0 |8 X |9 462915 |a FDOBUD |b FDOBUD |h v.1 |i 504281K |o 321.8 TOC 1984 |p 504281K |r 2019-11-23 |w 2019-11-23 |y BK_X |z Catalogado en:20140619 |k BUD | ||
| 952 | |0 0 |1 0 |3 erd |4 0 |6 321_800000000000000_TOC_1984 |7 0 |8 X |9 462916 |a FDOBUD |b FDOBUD |h v.2 |i 5042828 |o 321.8 TOC 1984 |p 5042828 |r 2019-11-23 |w 2019-11-23 |y BK_X |z Catalogado en:20140619 |k BUD | ||